Information and skill (Record no. 26331)

MARC details
000 -LEADER
fixed length control field 00293nam a2200121Ia 4500
082 ## - DEWEY DECIMAL CLASSIFICATION NUMBER
Classification number 159.928
Item number LEG
100 ## - MAIN ENTRY--AUTHOR NAME
Personal name Barber, Paul J
245 #0 - TITLE STATEMENT
Title Information and skill
260 ## - PUBLICATION, DISTRIBUTION, ETC. (IMPRINT)
Place of publication London
Name of publisher Methuen
Year of publication 1976
700 ## - ADDED ENTRY--PERSONAL NAME
Personal name Legge, David
942 ## - ADDED ENTRY ELEMENTS (KOHA)
Koha item type Books
Holdings
Withdrawn status Lost status Damaged status Not for loan Home library Current library Date acquired Cost, normal purchase price Full call number Accession Number Koha item type
        RRII Library RRII Library 16/12/2021 14.95 159.928 LEG 06968 Books